| 000 | 01514nam a22002417a 4500 | ||
|---|---|---|---|
| 001 | 6332 | ||
| 003 | FISKH | ||
| 005 | 20250423105250.0 | ||
| 008 | 250422b cb ||||| |||| 00| 0 eng d | ||
| 020 | _a9780521179607 | ||
| 040 |
_aFISKH _beng _cFISKH _dFISKH |
||
| 050 | _aPE1128 | ||
| 082 | _a 428.24 | ||
| 100 | _aBrook-Hart, Guy | ||
| 245 |
_aComplete IELTS : _bBands 4-5 Student's Book with Answer / _cBy Guy Brook-Hart and Vanessa Jakeman |
||
| 250 | _aFirst published 2012 | ||
| 260 |
_aCambridge : _bCambridge University Press, _c2012. |
||
| 300 |
_a198 pages : _bcolor illustrations , with CD-ROM ; _c28 cm . |
||
| 520 | _aComplete IELTS combines the very best in contemporary classroom practice with stimulating topics aimed at young adults wanting to study at university. It is designed to introduce students to the critical thinking required for IELTS and provide strategies and skills to maximise their score. The 10 topic-based units offer step-by-step approach to completing the different task-types for reading and listening and stimulating speaking activities to increase confidence and fluency. A Language Reference provides further grammar and vocabulary explanations and examples while Writing and Speaking References complete with tasks, sample answers and exercises. The Student's Book includes a full IELTS practice test, and a CD-ROM containing additional skills, grammar and vocabulary exercises. | ||
| 700 |
_aJakeman, Vanessa _eIllustrator |
||
| 942 |
_2ddc _cBK _n0 |
||
| 999 |
_c6332 _d6332 |
||